00821nam a2200253 a 4500001001300000003000900013005001700022008004100039020002300080082001600103100001900119245009600138260004000234300000900274500003500283505004600318650002000364700001800384700001600402902000800418942000700426952011700433999001700550nice12345678IN_TiNIC20260116014532.0111215s2011 dela grp 000 0 eng  a9788187358435c69500a355.71bROY aRoy, Franziska aWhen the War Began We Heard of Several Kingsb South Asian Prisoners in World War I Germany aDelhi bSocial Science Press c2011 a273p aincludes index and biblioraphy2 aBibliography, Index of persons and places aPrisoner of War1 aHeiku, Loebai1 aRavo, Ahuja bSRS cBK 001040708StackRoom-aHMIbHMId2011-12-15g695.00l0o355.71 ROYp023757r2011-12-15v695.00w2011-12-15yBK c15836d15836